000
00334nam a22001457a 4500
008
211014b ||||| |||| 00| 0 eng d
020
_a
9780558651930
041
_a
eng
080
_a
621
082
_a
621
100
_a
26
101
_a
MEK
245
_a
Modern Materials and Manufacturing Processes
_c
Bruce,R.G
942
_2
udc
_c
BK
999
_c
58232
_d
58232